000 00615nam a2200217Ia 4500
008 220216s9999 xx 000 0 und d
100 _aMydin K.K.
245 0 _aPrepotency in rubber. 2. Seedling progeny analysis for yield and certain yield attributes
260 _bIndian Journal of Natural Rubber Research
_c1996
300 _a63-66
650 _aJuvenile yield
650 _aPrepotency
650 _aProgeny analysis
650 _aYield attribute
700 _aNair V.G.
700 _aNazeer M.A.
700 _aPanikkar A.O.N.
700 _aSaraswathy P.
700 _aSethuraj M.R.
942 _cBS
999 _c49232
_d49232